Manual de primeros auxilios : tratamiento de enfermedades y accidentes /
Guardado en:
| Autor Principal: | |
|---|---|
| Formato: | Libro |
| Publicado: |
Buenos Aires :
El Ateneo,
1971
|
| Edición: | 9a. ed. |
| Materias: | |
| Etiquetas: |
Agregar Etiqueta
Sin Etiquetas, Sea el primero en etiquetar este registro!
|
| LEADER | 00753nam a22001935a 4500 | ||
|---|---|---|---|
| 001 | CEM.cems001114 | ||
| 005 | 20060213000000.0 | ||
| 008 | 130507s1971##################000#0#####d | ||
| 003 | CEMS | ||
| 082 | 0 | 4 | |a 614.88 |
| 100 | 1 | |a Boffi, Luis L. | |
| 245 | 1 | 0 | |a Manual de primeros auxilios : |b tratamiento de enfermedades y accidentes / |
| 250 | |a 9a. ed. | ||
| 260 | |a Buenos Aires : |b El Ateneo, |c 1971 | ||
| 300 | |a 370 p. | ||
| 505 | 0 | |a Supervivencia en: zona subtropical; Cordillera de los Andes; accidentes aéreos; mar.-Comunicaciones y se¤ales.-Primeros auxilios.-Equipo de supervivencia. | |
| 653 | |a Primeros auxilios | ||
| 859 | |a CEMS |b BIB. CEMS - 11 de abril |h 614.88 |i B633a9 |p 2946.74 |t Ej.1 | ||
| 859 | |a CEMS |b BIB. CEMS - 11 de abril |h 614.88 |i B633a9 |p 2948.74 |t Ej.3 | ||
